000 00271nam a2200121Ia 4500
008 191201s2007 xx 000 0 und d
100 _aGHOSH, P.K.
245 0 _aIndustrial Marketing
260 _aN.Delhi
_bOxford
_c2007
300 _a-
650 _aMBA
942 _2ddc
_cBK
999 _c2989
_d2989